000 00459nam a2200133 4500
999 _c14284
_d14284
008 190906b ||||| |||| 00| 0 eng d
082 _aDPer 050 T48 Apr-June 2016 v. 187 n. 12-24
100 _939480
_aZorthian, Julia.
245 _aWhat a disappointing U.S. jobs report means/
_cJulia Zorthian.
260 _aHong Kong:
_bTime Asia,
_cc2016.
300 _av187 n23, page 7:
_billustrations;
_cc2016.
650 _aEconomic conditions.
_940175
942 _2ddc
_cPER